header

A government guide to grants (Record no. 172367)

MARC details
000 -LEADER
fixed length control field 01314nam a2200349Ia 4500
082 04 - DEWEY DECIMAL CLASSIFICATION NUMBER
Classification number 338.973/02
245 02 - TITLE STATEMENT
Title A government guide to grants
260 ## - PUBLICATION, DISTRIBUTION, ETC. (IMPRINT)
Place of publication New York :
Name of publisher Nova Science Publishers,
Year of publication c2010.
300 ## - PHYSICAL DESCRIPTION
Number of Pages xi, 101 p.
490 0# - SERIES STATEMENT
Series statement Grants and funding
650 #0 - SUBJECT ADDED ENTRY--TOPICAL TERM
Topical Term Grants-in-aid
Topical Term Research grants
Topical Term Proposal writing for grants
700 1# - ADDED ENTRY--PERSONAL NAME
Personal name Legaspi, Nathan E.
856 40 - ELECTRONIC LOCATION AND ACCESS
Uniform Resource Identifier http://site.ebrary.com/lib/rucke/Doc?id=10662909

No items available.

© 2026 Rongo University
Contact us: librarian | system librarian | Rongo university